[Event "BL 1213 SV Mülheim Nord - Schachfr. Ber"]
[Site "?"]
[Date "2013.03.16"]
[Round "11.1"]
[White "Schneider, Ilja"]
[Black "Fridman, Daniel"]
[Result "1/2-1/2"]
[WhiteElo "2489"]
[BlackElo "2670"]
[PlyCount "55"]
[EventDate "2013.??.??"]

1. d4 d5 2. c4 e6 3. Nf3 Nf6 4. g3 Bb4+ 5. Bd2 a5 6. Bg2 O-O 7. O-O dxc4 8. Bg5
b5 9. a4 bxa4 10. Ne5 Ra7 11. Na3 Ba6 12. Naxc4 h6 13. Bd2 Bb5 14. b3 Qxd4 15.
Be3 Qxd1 16. Rfxd1 c5 17. bxa4 Ba6 18. Rac1 Nfd7 19. Nd3 Bxc4 20. Rxc4 Nb6 21.
Rxb4 axb4 22. Bxc5 N8d7 23. Bxf8 Kxf8 24. Bc6 b3 25. Rb1 Nxa4 26. Bxd7 Rxd7 27.
Rxb3 Rc7 28. Kg2 1/2-1/2

[Event "BL 1213 SV Mülheim Nord - Schachfr. Ber"]
[Site "?"]
[Date "2013.03.16"]
[Round "11.2"]
[White "Landa, Konstantin"]
[Black "Michalik, Peter"]
[Result "1/2-1/2"]
[WhiteElo "2641"]
[BlackElo "2508"]
[PlyCount "212"]
[EventDate "2013.??.??"]

1. d4 Nf6 2. c4 e6 3. Nc3 Bb4 4. e3 b6 5. Bd3 Bb7 6. f3 c5 7. a3 Bxc3+ 8. bxc3
d5 9. cxd5 exd5 10. Ne2 O-O 11. O-O Nc6 12. Ng3 Rc8 13. Ra2 Ne8 14. Rd2 Na5 15.
Bf5 Rc7 16. e4 cxd4 17. Rxd4 Rxc3 18. Bd2 Rc4 19. Bxa5 Rxd4 20. Qxd4 bxa5 21.
Qxa7 Qa8 22. Qb6 dxe4 23. Rb1 Bd5 24. fxe4 Bc6 25. Rc1 Bb7 26. Rc5 g6 27. Rxa5
Qb8 28. Rb5 Qf4 29. Rb1 Nd6 30. Bd7 Nxe4 31. Rf1 Qb8 32. Nxe4 Bxe4 33. Qxb8
Rxb8 34. Re1 f5 35. Re2 Kf7 36. a4 Rb1+ 37. Kf2 Ra1 38. g4 Kf6 39. h4 Rh1 40.
h5 Kg5 41. hxg6 hxg6 42. gxf5 gxf5 43. Re1 Rh2+ 44. Ke3 Rh3+ 45. Ke2 Kf4 46.
Rf1+ Ke5 47. Bb5 Ra3 48. Kd2 Kd4 49. Rc1 Ra2+ 50. Ke1 Bc2 51. Kf1 f4 52. Bc6
Bd3+ 53. Kg1 Ke3 54. Re1+ Be2 55. Kg2 Kd4 56. Kh3 f3 57. Bxf3 Bxf3 58. Kg3 Be4
59. a5 Ke5 60. Rg1 Rxa5 61. Rf1 Ra8 62. Rf7 Rg8+ 63. Kf2 Bd5 64. Rd7 Kd4 65.
Ke2 Rg2+ 66. Kd1 Rh2 67. Rd8 Ke4 68. Kc1 Bb3 69. Rd2 Rh1+ 70. Kb2 Bd5 71. Kc3
Rh3+ 72. Kb4 Ke5 73. Rf2 Kd6 74. Rf6+ Be6 75. Ka4 Re3 76. Kb4 Rb3+ 77. Ka4 Rb8
78. Rh6 Kd5 79. Ka3 Rb6 80. Rh4 Kc5 81. Rb4 Ra6+ 82. Ra4 Rd6 83. Kb2 Bc4 84.
Ra8 Rd2+ 85. Kc3 Rd3+ 86. Kc2 Rh3 87. Rc8+ Kd4 88. Rd8+ Bd5 89. Kd2 Rh2+ 90.
Kd1 Ke4 91. Kc1 Bc4 92. Rd2 Rh1+ 93. Kc2 Bd5 94. Kc3 Rh3+ 95. Kc2 Ke5 96. Kb2
Kd6 97. Rc2 Rb3+ 98. Kc1 Ke5 99. Rc8 Kd4 100. Rd8 Rd3 101. Kc2 Ke3 102. Re8+
Be4 103. Kb2 Rd7 104. Rh8 Kd4 105. Rb8 Bd5 106. Kc2 Rh7 1/2-1/2

[Event "BL 1213 SV Mülheim Nord - Schachfr. Ber"]
[Site "?"]
[Date "2013.03.16"]
[Round "11.3"]
[White "Lauber, Arnd"]
[Black "Tregubov, Pavel V"]
[Result "1/2-1/2"]
[WhiteElo "2465"]
[BlackElo "2601"]
[PlyCount "102"]
[EventDate "2013.??.??"]

1. d4 d5 2. c4 e6 3. Nc3 c6 4. e3 Bd6 5. Bd3 f5 6. f4 Nf6 7. Nf3 O-O 8. O-O Kh8
9. c5 Bc7 10. b4 b6 11. cxb6 axb6 12. a4 Ne4 13. Bxe4 fxe4 14. Ne5 Ba6 15. b5
Bxe5 16. fxe5 Rxf1+ 17. Qxf1 cxb5 18. Nxb5 Nc6 19. Bd2 Ne7 20. Nd6 Bxf1 21.
Nf7+ Kg8 22. Nxd8 Rxd8 23. Kxf1 Ra8 24. Rb1 Ra6 25. Rc1 Rxa4 26. Rc7 Nf5 27.
Rc6 Kf7 28. Rxb6 Ra2 29. Rb7+ Kg6 30. Ke2 Nh4 31. Re7 Ra6 32. Kf2 h5 33. Kf1
Kh6 34. Re8 Kg5 35. Be1 Nf5 36. Ke2 h4 37. h3 Kg6 38. Bf2 Ng3+ 39. Bxg3 hxg3
40. Re7 Ra2+ 41. Kf1 Rf2+ 42. Ke1 Rxg2 43. Rxe6+ Kg5 44. Kf1 Rf2+ 45. Kg1 Re2
46. Re7 Rxe3 47. Rxg7+ Kf5 48. Rd7 Re1+ 49. Kg2 e3 50. Rxd5 Rd1 51. e6+ Kxe6
1/2-1/2

[Event "BL 1213 SV Mülheim Nord - Schachfr. Ber"]
[Site "?"]
[Date "2013.03.16"]
[Round "11.4"]
[White "Berelowitsch, Alexander"]
[Black "Abel, Dennes"]
[Result "1-0"]
[WhiteElo "2565"]
[BlackElo "2437"]
[PlyCount "61"]
[EventDate "2013.??.??"]

1. e4 c6 2. Nc3 d5 3. Nf3 a6 4. d4 Bg4 5. h3 Bh5 6. Bd3 e6 7. a3 Nf6 8. e5 Nfd7
9. g4 Bg6 10. Bxg6 hxg6 11. Ne2 c5 12. c3 Nc6 13. Kf1 Be7 14. Kg2 g5 15. b3
cxd4 16. cxd4 Nf8 17. Be3 Ng6 18. Qd3 Rc8 19. Rhc1 Rh6 20. b4 b5 21. Rc3 f6 22.
Rac1 Kd7 23. Ng3 fxe5 24. Qc2 e4 25. Nxe4 dxe4 26. Qxe4 e5 27. d5 Nf4+ 28. Bxf4
exf4 29. Rxc6 Rcxc6 30. Ne5+ Ke8 31. Nxc6 1-0

[Event "BL 1213 SV Mülheim Nord - Schachfr. Ber"]
[Site "?"]
[Date "2013.03.16"]
[Round "11.5"]
[White "Berndt, Stephan"]
[Black "Feygin, Michael"]
[Result "0-1"]
[WhiteElo "2443"]
[BlackElo "2538"]
[PlyCount "82"]
[EventDate "2013.??.??"]

1. e4 e6 2. d4 d5 3. Nc3 Bb4 4. e5 c5 5. a3 Bxc3+ 6. bxc3 Qa5 7. Bd2 Qa4 8. Nf3
c4 9. h4 Nc6 10. h5 h6 11. g3 Bd7 12. Bh3 O-O-O 13. O-O Nge7 14. Re1 Rdg8 15.
Nh4 g6 16. Ra2 Qa5 17. a4 Rh7 18. Kh2 gxh5 19. Qe2 Ng6 20. Ng2 h4 21. g4 Rf8
22. f4 Nce7 23. g5 Nf5 24. Bxf5 exf5 25. Qf3 hxg5 26. fxg5 h3 27. Nf4 Be6 28.
Rb1 Nxf4 29. Rb5 Qa6 30. Bxf4 Kb8 31. Qg3 Rg8 32. Rab2 Ka8 33. a5 Rhh8 34. Qe1
Rb8 35. Qb1 Rh4 36. Bg3 Rg4 37. Qc1 f4 38. Bxf4 Rg2+ 39. Kh1 Bf5 40. e6 Qxe6
41. a6 Qe4 0-1

[Event "BL 1213 SV Mülheim Nord - Schachfr. Ber"]
[Site "?"]
[Date "2013.03.16"]
[Round "11.6"]
[White "Levin, Felix"]
[Black "Polzin, Rainer"]
[Result "1/2-1/2"]
[WhiteElo "2508"]
[BlackElo "2465"]
[PlyCount "69"]
[EventDate "2013.??.??"]

1. d4 Nf6 2. c4 g6 3. Nc3 Bg7 4. e4 d6 5. Be2 O-O 6. Bg5 c5 7. d5 h6 8. Bf4 e6
9. Nf3 exd5 10. exd5 Re8 11. O-O Ne4 12. Nxe4 Rxe4 13. Be3 Qf6 14. Rb1 Bf5 15.
Bd3 Re7 16. Bxf5 Qxf5 17. Qb3 b6 18. Qa4 Qd7 19. Qc2 Na6 20. a3 b5 21. b4 bxc4
22. bxc5 Nxc5 23. Bxc5 dxc5 24. Qxc4 Qd6 25. Rfd1 Rd8 26. g3 Bf6 27. Kg2 Kg7
28. a4 Rc7 29. a5 Re7 30. a6 Rdd7 31. h4 h5 32. Rd3 Rd8 33. Rdd1 Rdd7 34. Rbc1
Re8 35. Rb1 1/2-1/2

[Event "BL 1213 SF Katernberg - SC Forchheim"]
[Site "?"]
[Date "2013.03.16"]
[Round "11.1"]
[White "Jansa, Vlastimil"]
[Black "Volokitin, Andrei"]
[Result "0-1"]
[WhiteElo "2451"]
[BlackElo "2724"]
[PlyCount "134"]
[EventDate "2013.??.??"]

1. e4 c5 2. Nf3 d6 3. d4 cxd4 4. Nxd4 Nf6 5. Nc3 a6 6. Be2 e6 7. a4 Nc6 8. Be3
Be7 9. O-O O-O 10. f4 Bd7 11. Nb3 Na5 12. e5 Ne8 13. Nxa5 Qxa5 14. Ne4 Bc6 15.
exd6 Bd8 16. Nc5 Bb6 17. Qd4 Nxd6 18. b4 Bxc5 19. Qxc5 Qd8 20. c4 Nf5 21. Qe5
Nxe3 22. Qxe3 Qf6 23. b5 axb5 24. cxb5 Bd5 25. a5 Rfc8 26. Rac1 Qb2 27. a6 Rxc1
28. Rxc1 bxa6 29. bxa6 g6 30. Bf1 Rxa6 31. Rc8+ Kg7 32. Qc5 Rd6 33. h4 Qb6 34.
Kf2 Kf6 35. g4 e5 36. g5+ Kf5 37. fxe5 Kxe5 38. Ke3 Re6 39. Qxb6 Rxb6 40. Re8+
Be6 41. Rh8 Rb3+ 42. Kd2 Kd4 43. Rd8+ Bd5 44. Ba6 Rb2+ 45. Ke1 Ke5 46. Be2 Be6
47. Ra8 Kf4 48. Ra3 Bb3 49. Kf1 Bd5 50. Ke1 Be4 51. Kf2 Bc6 52. Ra5 Rb4 53. Rc5
Be4 54. Rc7 Bd5 55. Rc5 Be6 56. Rc3 Rb2 57. Ke1 Rb1+ 58. Kf2 Rh1 59. Rf3+ Ke5
60. Re3+ Kd4 61. Rd3+ Kc5 62. Rc3+ Kb4 63. Rc7 Rxh4 64. Kg3 Re4 65. Rb7+ Kc5
66. Rb5+ Kd6 67. Bf3 Re5 0-1

[Event "BL 1213 SF Katernberg - SC Forchheim"]
[Site "?"]
[Date "2013.03.16"]
[Round "11.2"]
[White "Kryvoruchko, Yuriy"]
[Black "Mons, Leon"]
[Result "0-1"]
[WhiteElo "2679"]
[BlackElo "2339"]
[PlyCount "144"]
[EventDate "2013.??.??"]

1. e4 e5 2. Nf3 Nc6 3. Bb5 a6 4. Ba4 Nf6 5. O-O Be7 6. Re1 b5 7. Bb3 d6 8. c3
O-O 9. h3 Na5 10. Bc2 c5 11. d4 Nd7 12. d5 Nb6 13. Nbd2 Bd7 14. Nf1 Nb7 15. Ng3
g6 16. Bh6 Re8 17. b3 c4 18. Be3 a5 19. Qd2 Qc7 20. Reb1 Nc5 21. Qe2 cxb3 22.
axb3 Rec8 23. Qe1 Be8 24. Ra2 a4 25. b4 Ncd7 26. Bd3 Nc4 27. Bh6 Ndb6 28. Nf1
Bf8 29. Bc1 Bd7 30. g4 Be7 31. Ng3 Kh8 32. Ng5 f6 33. Nf7+ Kg7 34. Nh6 a3 35.
Rb3 Na4 36. Bxc4 Qxc4 37. Raxa3 Qd3 38. Qe3 Qxe3 39. Bxe3 Bd8 40. Ra1 Nb6 41.
Rba3 Ra4 42. Ne2 Rca8 43. Rxa4 Rxa4 44. Re1 Nc4 45. Bc1 Ra1 46. Nf5+ gxf5 47.
Bh6+ Kxh6 48. Rxa1 fxg4 49. Ra7 Bc8 50. Rf7 gxh3 51. Kh2 Bg4 52. Ng1 Nd2 53.
Nxh3 Nxe4 54. Rf8 Bb6 55. Rb8 Bxh3 56. Rxb6 Bf1 57. f3 Nxc3 58. Rxd6 Bc4 59.
Rxf6+ Kg5 60. Rf7 Nxd5 61. Rxh7 Nxb4 62. Kg3 Nd3 63. Rc7 Kf6 64. Kg4 Be6+ 65.
Kg3 b4 66. Rb7 b3 67. Rb6 b2 68. f4 exf4+ 69. Kf3 Ke5 70. Rb5+ Bd5+ 71. Ke2
Nc1+ 72. Kd2 Nb3+ 0-1

[Event "BL 1213 SF Katernberg - SC Forchheim"]
[Site "?"]
[Date "2013.03.16"]
[Round "11.4"]
[White "Chuchelov, Vladimir"]
[Black "Heidrich, Manfred"]
[Result "1-0"]
[WhiteElo "2543"]
[BlackElo "2296"]
[PlyCount "63"]
[EventDate "2013.??.??"]

1. d4 f5 2. g3 Nf6 3. Bg2 g6 4. c3 Bg7 5. Nh3 Nc6 6. Qb3 e6 7. Nd2 O-O 8. Nf4
Qe8 9. h4 Qf7 10. e4 Kh8 11. e5 Ng4 12. h5 gxh5 13. Nf3 Bh6 14. Nxh5 Bxc1 15.
Rxc1 Rg8 16. Kf1 d6 17. Re1 Bd7 18. Nf4 Qg7 19. Qc2 Rae8 20. Qd2 Re7 21. Nh5
Qg6 22. Qf4 dxe5 23. Nxe5 Ngxe5 24. dxe5 Rf8 25. Rh4 Rd8 26. Nf6 Rg7 27. Rh6
Qf7 28. Bf3 Qe7 29. Kg2 Be8 30. Reh1 Bg6 31. Bxc6 bxc6 32. Rxg6 1-0

[Event "BL 1213 SF Katernberg - SC Forchheim"]
[Site "?"]
[Date "2013.03.16"]
[Round "11.5"]
[White "Doeres, Hans-Juergen"]
[Black "Siebrecht, Sebastian"]
[Result "0-1"]
[WhiteElo "2226"]
[BlackElo "2479"]
[PlyCount "72"]
[EventDate "2013.??.??"]

1. c4 e5 2. g3 Nc6 3. Bg2 Bc5 4. Nc3 a6 5. a3 Nge7 6. e3 Ba7 7. Nge2 d6 8. d4
exd4 9. exd4 O-O 10. O-O Nf5 11. Be3 Nxe3 12. fxe3 Qg5 13. Qd3 Bg4 14. Nd5 Rae8
15. Nec3 f5 16. Rae1 Rf7 17. Nf4 Kh8 18. b4 Nd8 19. c5 dxc5 20. bxc5 c6 21. e4
Rfe7 22. e5 g6 23. h3 Bh5 24. h4 Qh6 25. Nxh5 Qxh5 26. Qe3 Ne6 27. Ne2 Kg7 28.
Nf4 Qh6 29. Nxe6+ Rxe6 30. Qxh6+ Kxh6 31. Kf2 Rd8 32. Ke3 b6 33. d5 cxd5 34. c6
Rxc6 35. Rc1 b5+ 36. Kf4 Rc4+ 0-1

[Event "BL 1213 SF Katernberg - SC Forchheim"]
[Site "?"]
[Date "2013.03.16"]
[Round "11.6"]
[White "Zaragatski, Ilja"]
[Black "Kraeussling, Andreas"]
[Result "1-0"]
[WhiteElo "2460"]
[BlackElo "2268"]
[PlyCount "113"]
[EventDate "2013.??.??"]

1. Nf3 Nf6 2. g3 b5 3. Na3 a6 4. c4 b4 5. Nc2 c5 6. d4 cxd4 7. Nxb4 e5 8. Nc2
d6 9. Bg2 Bb7 10. O-O Be7 11. e3 dxe3 12. Nxe3 O-O 13. Nf5 Nc6 14. Nxe5 dxe5
15. Qxd8 Bxd8 16. Nd6 Rb8 17. Nxb7 Rxb7 18. Bxc6 Rc7 19. Bg2 Rxc4 20. b3 Rc7
21. Bb2 e4 22. Rac1 Re8 23. Rxc7 Bxc7 24. Rc1 Bb8 25. Bf1 a5 26. Bd4 h5 27. Bb5
Rd8 28. Bb6 Rd5 29. Rc8+ Kh7 30. Bc4 Rd1+ 31. Kg2 Be5 32. Bxf7 Rd2 33. a4 Ng4
34. Rd8 Rc2 35. Bd5 Nf6 36. Bc4 Kh6 37. Rd2 Rc1 38. Bxa5 e3 39. Re2 Bd4 40.
fxe3 Be5 41. e4 g5 42. Bb6 Kg6 43. a5 h4 44. a6 g4 45. gxh4 Nh5 46. Be3 Ra1 47.
b4 Bf4 48. Bd4 Ra3 49. Ra2 Rh3 50. a7 Rxh2+ 51. Kg1 Rh3 52. Ra6+ Kh7 53. Bg8+
Kxg8 54. a8=Q+ Kf7 55. Qb7+ Ke8 56. Ra8+ Bb8 57. Rxb8# 1-0

[Event "BL 1213 SF Katernberg - SC Forchheim"]
[Site "?"]
[Date "2013.03.16"]
[Round "11.7"]
[White "Weigel, Robert Prof.Dr"]
[Black "Ris, Robert"]
[Result "0-1"]
[WhiteElo "2198"]
[BlackElo "2394"]
[PlyCount "130"]
[EventDate "2013.??.??"]

1. Nf3 Nf6 2. c4 b6 3. g3 Bb7 4. Bg2 g6 5. Nc3 Bg7 6. O-O O-O 7. Re1 Ne4 8.
Nxe4 Bxe4 9. d3 Bb7 10. e4 c5 11. d4 cxd4 12. Nxd4 Qc7 13. b3 Nc6 14. Be3 Nxd4
15. Bxd4 Rfd8 16. h4 d6 17. Rc1 Bxd4 18. Qxd4 Qc5 19. Qb2 Rac8 20. Red1 Qh5 21.
b4 Rxc4 22. Rxc4 Qxd1+ 23. Kh2 Rc8 24. Qc3 Qg4 25. Rc7 Rxc7 26. Qxc7 Bxe4 27.
Qxe7 Bxg2 28. Kxg2 Qxb4 29. h5 Qd2 30. Qxa7 Qd5+ 31. Kg1 Qd1+ 32. Kg2 Qxh5 33.
Qb8+ Kg7 34. Qxd6 Qb5 35. Qd4+ f6 36. Qd6 Qe8 37. Qxb6 Qa8+ 38. Kg1 Qxa2 39.
Qc7+ Qf7 40. Qd6 Qb7 41. Qd3 Qc6 42. Qe3 g5 43. Qe7+ Kg6 44. Qe2 h5 45. Qd3+ f5
46. Qb3 h4 47. gxh4 gxh4 48. Kh2 Kh5 49. Qg8 Qc2 50. Qh7+ Kg4 51. Qg6+ Kf3 52.
Qg2+ Kf4 53. Qf1 Qd2 54. Qg2 Qe1 55. Kh3 Qc3+ 56. Kh2 Qf3 57. Qf1 h3 58. Qc4+
Qe4 59. Qc7+ Kf3 60. Qg3+ Ke2 61. Qxh3 Kxf2 62. Qg3+ Ke2 63. Kg1 Qe3+ 64. Qxe3+
Kxe3 65. Kf1 Kf3 0-1

[Event "BL 1213 SF Katernberg - SC Forchheim"]
[Site "?"]
[Date "2013.03.16"]
[Round "11.8"]
[White "Hoolt, Sarah"]
[Black "Miller, Eduard"]
[Result "1-0"]
[WhiteElo "2308"]
[BlackElo "2151"]
[PlyCount "71"]
[EventDate "2013.??.??"]

1. e4 c5 2. Nf3 d6 3. d4 cxd4 4. Nxd4 Nf6 5. Nc3 a6 6. h3 g6 7. g4 Bg7 8. Bg2
O-O 9. O-O Nc6 10. Be3 Bd7 11. a4 Rc8 12. Nde2 Qa5 13. g5 Nh5 14. Nd5 Qd8 15.
f4 Be6 16. Nb6 Rb8 17. f5 Bc8 18. Bf3 Bxb2 19. Rb1 Be5 20. Bxh5 gxh5 21. Nf4 f6
22. g6 hxg6 23. Nxg6 Rf7 24. Qxh5 Rh7 25. Qg4 Kf7 26. Rf2 e6 27. Rg2 Ne7 28.
Nxe7 Kxe7 29. Qg8 Rf7 30. Nxc8+ Qxc8 31. Qxc8 Rxc8 32. Rxb7+ Ke8 33. Rg8+ Rf8
34. Rgg7 Rh8 35. fxe6 Kf8 36. Bh6 1-0

[Event "BL 1213 Wiesbadener SV - SG Turm Trier"]
[Site "?"]
[Date "2013.03.17"]
[Round "12.1"]
[White "Erdoes, Viktor"]
[Black "Khenkin, Igor"]
[Result "1-0"]
[WhiteElo "2637"]
[BlackElo "2655"]
[PlyCount "93"]
[EventDate "2013.??.??"]

1. Nf3 c5 2. b3 b6 3. Bb2 Bb7 4. g3 Nf6 5. Bg2 g6 6. Bxf6 exf6 7. c4 f5 8. Nc3
Bg7 9. Rc1 Nc6 10. O-O O-O 11. Ne1 a6 12. Nd3 Rb8 13. Nf4 d6 14. e3 Re8 15.
Nfd5 Ba8 16. a4 Qd7 17. Qc2 Ne5 18. Rb1 Bc6 19. f4 Bxd5 20. Nxd5 Nc6 21. b4 Ne7
22. bxc5 bxc5 23. Nb6 Qc7 24. a5 Bf6 25. Qa4 Rbd8 26. Nd5 Nxd5 27. Bxd5 Re7 28.
Rb6 h5 29. Rfb1 Qc8 30. Rc6 Qd7 31. Rbb6 h4 32. Qb3 Kg7 33. Rxa6 g5 34. Rab6
hxg3 35. hxg3 gxf4 36. gxf4 Qe8 37. Rxd6 Rxd6 38. Rxd6 Bd4 39. Bf3 Qh8 40. Qd1
Qh4 41. Kg2 Rxe3 42. dxe3 Bxe3 43. Qa1+ Kg8 44. Qh1 Qf2+ 45. Kh3 Bxf4 46. Rd8+
Kh7 47. Qg2 1-0

[Event "BL 1213 Wiesbadener SV - SG Turm Trier"]
[Site "?"]
[Date "2013.03.17"]
[Round "12.2"]
[White "Kurnosov, Igor"]
[Black "Howell, David W L"]
[Result "1/2-1/2"]
[WhiteElo "2660"]
[BlackElo "2634"]
[PlyCount "125"]
[EventDate "2013.??.??"]

1. e4 e5 2. Nf3 Nc6 3. Bb5 Nf6 4. d3 Bc5 5. Bxc6 dxc6 6. Nbd2 Be6 7. O-O Nd7 8.
Nb3 Qe7 9. Nxc5 Qxc5 10. Ng5 Qe7 11. f4 f6 12. Nxe6 Qxe6 13. Qh5+ Qf7 14. Qxf7+
Kxf7 15. b3 Rhe8 16. Bb2 c5 17. g4 h6 18. Kg2 Re6 19. Kg3 b6 20. h4 Rae8 21. g5
exf4+ 22. Rxf4 hxg5 23. hxg5 Rh8 24. Raf1 Kg6 25. Rf5 Kf7 26. R1f4 Rh1 27. Kg2
Rh8 28. Rg4 Ne5 29. Rg3 Rh4 30. Bc3 Nd7 31. Bd2 c6 32. a4 Re5 33. Rf4 Rxf4 34.
Bxf4 Re8 35. gxf6 gxf6 36. Bh6 Ke6 37. Rg7 a6 38. Bf4 b5 39. a5 b4 40. Be3 Rh8
41. Bf4 Rf8 42. Kf3 Rh8 43. Ke2 Rh4 44. Bc7 Rh8 45. Kd2 Rc8 46. Bf4 Rf8 47. Bg3
Rd8 48. c3 bxc3+ 49. Kxc3 Rf8 50. Kc4 f5 51. Rg6+ Rf6 52. exf5+ Kxf5 53. Rxf6+
Kxf6 54. Bd6 Ke6 55. Bxc5 Ne5+ 56. Kd4 Nf3+ 57. Ke3 Kd5 58. Bb6 Ne5 59. Bc7 Nd7
60. Kd2 Nc5 61. Kc3 Ne6 62. Bb6 c5 63. b4 1/2-1/2

[Event "BL 1213 Wiesbadener SV - SG Turm Trier"]
[Site "?"]
[Date "2013.03.17"]
[Round "12.3"]
[White "Sanikidze, Tornike"]
[Black "Mista, Aleksander"]
[Result "1-0"]
[WhiteElo "2580"]
[BlackElo "2543"]
[PlyCount "47"]
[EventDate "2013.??.??"]

1. d4 d5 2. c4 dxc4 3. Nf3 Nf6 4. e3 e6 5. Bxc4 c5 6. Qe2 a6 7. dxc5 Bxc5 8. e4
b5 9. Bb3 Bb7 10. e5 Nfd7 11. O-O Qb6 12. Nc3 Nc6 13. Rd1 Nd4 14. Nxd4 Bxd4 15.
Qd2 Qc6 16. Bd5 exd5 17. Qxd4 O-O 18. Nxd5 Rae8 19. Bf4 f6 20. Qa7 Nxe5 21.
Rac1 Qe6 22. Qxb7 Nd3 23. Nc7 Qf5 24. Nxe8 1-0

[Event "BL 1213 Wiesbadener SV - SG Turm Trier"]
[Site "?"]
[Date "2013.03.17"]
[Round "12.4"]
[White "Poetsch, Hagen"]
[Black "Bobras, Piotr"]
[Result "1/2-1/2"]
[WhiteElo "2466"]
[BlackElo "2560"]
[PlyCount "54"]
[EventDate "2013.??.??"]

1. e4 c5 2. Nf3 d6 3. d4 cxd4 4. Nxd4 Nf6 5. Nc3 a6 6. Bg5 e6 7. f4 Qc7 8. Qf3
b5 9. f5 Nc6 10. Nxc6 Qxc6 11. fxe6 fxe6 12. Be2 Ra7 13. Bxf6 Rf7 14. e5 Qxf3
15. Bxf3 gxf6 16. exd6 Kd8 17. O-O-O Rd7 18. Ne4 f5 19. Ng5 Rg7 20. h4 h6 21.
Nh3 Kd7 22. Rhe1 Bxd6 23. Nf4 Ke7 24. Nd5+ Kd7 25. Nb6+ Ke7 26. Nd5+ Kd7 27.
Nb6+ Ke7 1/2-1/2

[Event "BL 1213 Wiesbadener SV - SG Turm Trier"]
[Site "?"]
[Date "2013.03.17"]
[Round "12.5"]
[White "Cyborowski, Lukasz"]
[Black "Geske, Julian"]
[Result "1-0"]
[WhiteElo "2530"]
[BlackElo "2401"]
[PlyCount "99"]
[EventDate "2013.??.??"]

1. Nf3 d5 2. d4 c6 3. e3 Bf5 4. c4 e6 5. Nc3 Nd7 6. Bd3 Bxd3 7. Qxd3 Ngf6 8.
O-O Bb4 9. Bd2 Bxc3 10. Bxc3 O-O 11. b3 a6 12. Rfd1 b5 13. cxd5 cxd5 14. a4 Qb6
15. axb5 axb5 16. Bb4 Rxa1 17. Rxa1 Rc8 18. Ra5 Rb8 19. Qc2 Ne8 20. Ne1 Nc7 21.
Ra1 Na6 22. Nd3 Qb7 23. Rc1 Nxb4 24. Nxb4 Nb6 25. Nc6 Re8 26. Qc5 Nd7 27. Qd6
Nb8 28. Ne5 Rc8 29. Rc5 Na6 30. Rxc8+ Qxc8 31. h3 Nc7 32. Qe7 f6 33. Nd3 Na6
34. Nf4 Nc7 35. Nh5 Ne8 36. Nf4 Nc7 37. h4 h6 38. Nh5 Ne8 39. Nf4 Nc7 40. g3
Kh7 41. Qf7 Kh8 42. Kh2 Kh7 43. Kg2 b4 44. Qe7 Kg8 45. h5 Kh7 46. Ng6 Kg8 47.
Qxb4 Qe8 48. Qb6 Qd7 49. Qc5 Qd8 50. b4 1-0

[Event "BL 1213 Wiesbadener SV - SG Turm Trier"]
[Site "?"]
[Date "2013.03.17"]
[Round "12.6"]
[White "Carlstedt, Jonathan"]
[Black "Gordon, Stephen"]
[Result "1/2-1/2"]
[WhiteElo "2383"]
[BlackElo "2556"]
[PlyCount "40"]
[EventDate "2013.??.??"]

1. c4 c5 2. Nc3 g6 3. e3 Bg7 4. d4 Nf6 5. Nf3 O-O 6. Be2 cxd4 7. exd4 d5 8. O-O
dxc4 9. Bxc4 b6 10. Ne5 Bb7 11. Qb3 e6 12. Rd1 Qe7 13. Re1 Nfd7 14. Nxd7 Qxd7
15. d5 exd5 16. Nxd5 Bxd5 17. Bxd5 Nc6 18. Qb5 Rac8 19. Be3 Rfd8 20. Rad1 Nd4
1/2-1/2

[Event "BL 1213 Wiesbadener SV - SG Turm Trier"]
[Site "?"]
[Date "2013.03.17"]
[Round "12.7"]
[White "Jaracz, Pawel"]
[Black "Dubkov, Andrej"]
[Result "1-0"]
[WhiteElo "2541"]
[BlackElo "2327"]
[PlyCount "71"]
[EventDate "2013.??.??"]

1. Nf3 d5 2. c4 c6 3. e3 Nf6 4. Nc3 g6 5. d4 Bg7 6. cxd5 cxd5 7. Bb5+ Bd7 8.
Qb3 Bxb5 9. Qxb5+ Qd7 10. Ne5 Qxb5 11. Nxb5 Na6 12. b3 Ne4 13. Ba3 f6 14. Nd3
Kd7 15. Rc1 e6 16. f3 Ng5 17. Kd2 Bf8 18. Bxf8 Rhxf8 19. Rhe1 Nf7 20. e4 dxe4
21. fxe4 Nd6 22. Nxd6 Kxd6 23. b4 e5 24. dxe5+ fxe5 25. Ke3 Rac8 26. a4 Rxc1
27. Rxc1 Nc7 28. Nc5 b6 29. Rd1+ Kc6 30. Nd3 Re8 31. Rf1 Re7 32. Rf8 a6 33.
Rf6+ Kb7 34. a5 bxa5 35. bxa5 Ne6 36. Rxe6 1-0

[Event "BL 1213 Wiesbadener SV - SG Turm Trier"]
[Site "?"]
[Date "2013.03.17"]
[Round "12.8"]
[White "Kayser, Felix"]
[Black "Galyas, Miklos"]
[Result "0-1"]
[WhiteElo "2183"]
[BlackElo "2423"]
[PlyCount "84"]
[EventDate "2013.??.??"]

1. d4 e6 2. c4 f5 3. Nf3 Nf6 4. g3 d5 5. Bg2 c6 6. b3 Bd6 7. Bb2 O-O 8. O-O Qe7
9. Qc1 b5 10. Ne5 a5 11. Nd2 Ba6 12. a3 bxc4 13. bxc4 Ne4 14. cxd5 cxd5 15.
Nxe4 fxe4 16. Qd2 a4 17. Bc3 Nd7 18. Nc6 Qe8 19. Bb4 Bxb4 20. axb4 Nb6 21. Ne5
Nc4 22. Nxc4 Bxc4 23. Ra3 Qb5 24. Rc1 Rab8 25. Rac3 Qxb4 26. Qe3 Rbc8 27. f3
Qb6 28. f4 Qa6 29. h4 Bb5 30. Rxc8 Rxc8 31. Rxc8+ Qxc8 32. Bh3 Bd7 33. Kf2 Qc4
34. Ke1 Kf7 35. g4 Bb5 36. Bf1 Qb4+ 37. Qd2 Qxd2+ 38. Kxd2 Bc4 39. Kc3 a3 40.
Kc2 e3 41. h5 Kf6 42. Kc3 g5 0-1

[Event "BL 1213 SV Griesheim - OSG Baden Baden"]
[Site "?"]
[Date "2013.03.17"]
[Round "12.1"]
[White "Adams, Michael"]
[Black "Piorun, Kacper"]
[Result "1-0"]
[WhiteElo "2720"]
[BlackElo "2520"]
[PlyCount "51"]
[EventDate "2013.??.??"]

1. e4 c5 2. Nf3 Nc6 3. Bb5 d6 4. O-O Bd7 5. Re1 Nf6 6. c3 a6 7. Bf1 Bg4 8. h3
Bh5 9. g4 Bg6 10. d4 cxd4 11. cxd4 e5 12. Nc3 Be7 13. Bg2 O-O 14. dxe5 dxe5 15.
Bg5 h5 16. Nd5 hxg4 17. hxg4 Re8 18. Bxf6 Bxf6 19. Qb3 Na5 20. Qd3 Nc6 21. Rad1
Be7 22. Qe3 Qa5 23. a3 Rab8 24. b4 Qa4 25. Nb6 Qc2 26. Rd2 1-0

[Event "BL 1213 SV Griesheim - OSG Baden Baden"]
[Site "?"]
[Date "2013.03.17"]
[Round "12.2"]
[White "Farago, Ivan"]
[Black "Bacrot, Etienne"]
[Result "0-1"]
[WhiteElo "2488"]
[BlackElo "2705"]
[PlyCount "44"]
[EventDate "2013.??.??"]

1. d4 Nf6 2. c4 c5 3. d5 g6 4. Nc3 Bg7 5. e4 O-O 6. Nf3 e6 7. Be2 d6 8. dxe6
Bxe6 9. h3 Nc6 10. Bf4 Qb6 11. Rb1 Nd4 12. Bd3 Nh5 13. Bd2 f5 14. Ng5 fxe4 15.
Ncxe4 d5 16. Nxe6 dxe4 17. Nxg7 exd3 18. Nxh5 Rae8+ 19. Kf1 gxh5 20. Qxh5 Rxf2+
21. Kxf2 Qf6+ 22. Kg3 Ne2+ 0-1

[Event "BL 1213 SV Griesheim - OSG Baden Baden"]
[Site "?"]
[Date "2013.03.17"]
[Round "12.3"]
[White "Naiditsch, Arkadij"]
[Black "Murdzia, Piotr"]
[Result "1-0"]
[WhiteElo "2704"]
[BlackElo "2471"]
[PlyCount "139"]
[EventDate "2013.??.??"]

1. e4 e5 2. Nf3 Nc6 3. Bb5 a6 4. Ba4 Nf6 5. O-O Be7 6. d3 b5 7. Bb3 d6 8. a4
Rb8 9. axb5 axb5 10. c3 O-O 11. h3 Be6 12. Bxe6 fxe6 13. Nbd2 Qd7 14. d4 Ra8
15. Rxa8 Rxa8 16. dxe5 Nxe5 17. Nxe5 dxe5 18. Qe2 Qc6 19. Re1 Bd6 20. Kh2 Ra4
21. g3 Qb6 22. Kg2 Qc6 23. Qd3 Nd7 24. Qc2 Nc5 25. b3 Ra8 26. Bb2 Ra2 27. Ra1
Qa8 28. Qb1 Rxa1 29. Bxa1 Qb7 30. Bb2 Nd7 31. h4 Nf6 32. Qd3 Qc6 33. Qe2 Bc5
34. Kf1 Qa6 35. c4 Bd4 36. cxb5 Qa2 37. Bxd4 exd4 38. Qd3 Qa1+ 39. Ke2 Qc3 40.
Nc4 Qa1 41. Ne5 Qb2+ 42. Kf3 Qa1 43. Kg2 Qe1 44. Nf3 Qxe4 45. Qxd4 Qxd4 46.
Nxd4 Kf7 47. f4 Nd7 48. Kf3 h5 49. Nc6 Nc5 50. b4 Nb7 51. Ne5+ Ke7 52. Nc4 Nd8
53. Ke4 Nf7 54. b6 cxb6 55. Nxb6 Nd6+ 56. Kf3 Nf5 57. Nc4 Kd7 58. g4 Nd4+ 59.
Ke4 Nc2 60. Ne5+ Ke7 61. b5 hxg4 62. b6 Kd6 63. Nxg4 Ne1 64. Ne5 Ng2 65. h5 Nh4
66. Nf7+ Kc6 67. Nd8+ Kxb6 68. Nxe6 Kc6 69. Nxg7 Kd7 70. Nf5 1-0